00730nam a2200205Ia 4500008004100000016001400041040001700055050001700072082001000089100004200099245008300141260004500224300001800269563001000287650005100297700003400348942000700382999001700389952011800406210303s9999 xx 000 0 und d 2reto2022b aNLNbEnglish aPT2177b.W54 a831.6 aWILKINSON, Elizabeth Maryeaut941379 0aGoethe, poet and thinker :bessayscElizabeth M. Wilkinson and L.A. Willoughby aNew York :bBarnes & Noble,c1963, c1962 a248p.b; 22cm a(pbk) aGoethe, Johann Wolfgang von, 1749-1832.959907 a Willoughby, L.A.ectb959908 cBK c20543d20543 00102lcc4070aLAGbMAINd2021-03-04l0oPT2177 .W54p2024-555555551000775r2021-03-04 00:00:00w2021-03-04yBK